000 01713cam a22004574i 4500
003 PE-LiUPU
005 20250731172758.0
008 150617s1976 ag r 000 0 spa d
035 _a(Sirsi) a13009
040 _aPE-LiUPU
_bspa
_cPE-LiUPU
_erda
049 _aPRUA
082 0 4 _a215.72
_bZ32
_221
100 1 _aZandrino, Miguel A.,
_eautor.
245 1 3 _aEl origen del hombre :
_bun enfoque bíblico y científico /
_cMiguel A. Zandrino.
264 1 _aBuenos Aires :
_bCerteza,
_c1976.
300 _a126 páginas :
_bilustraciones ;
_c18 centímetros.
336 _atext
_2rdacontent
337 _aunmediated
_2rdamedia
338 _avolume
_2rdacarrier
490 0 _aCuadernos de certeza ;
_v12
505 0 _aInvestigación científica y fe cristiana -- El valor contemporáneo de la información bíblica -- El desarrollo de la teoría de la evolución -- La paleontología relata la historia de la vida -- El pleistoceno y la aparición del hombre.
526 _aSEG42
526 _aSEG41
526 _aSEG40
526 _aSEG39
526 _aP94
526 _aP87
526 _aP86
526 _aP85
526 _aP77
526 _aP76
526 _aP35
650 0 4 _aAntropología teológica.
910 _ajck
_bjvq
_cjck
_d20150616
942 _2ddc
_cBOOK
949 _a215.72 Z32
_wDEWEY
_c1
_i16819
_lCCODEBUL1
_mBUL
_p20.00
_r0
_sY
_tBOOK
_u19790826
_xTEOLOGIA
_PP35
_0COMPRA
_o.STAFF. Colección Teología
994 _aC0
_bPEPRU
596 _a1
999 _a215.72 Z32
_wDEWEY
_c3331
_i16819
_d3331
_e2017-10-16
_f2021-11-11
_g5
_lCCODEBUL1
_mBUL
_n3
_p20.00
_r0
_sY
_tBOOK
_u2015-6-17
_xTEOLOGIA
_PP35
_0COMPRA
_o.STAFF. Colección Teología
980 _81
_gALBERTO SANCHEZ Responsable de Automatización